00348nam a2200109 a 4500008004100000020001500041050001400056100001700070245009200087260005000179350000900229120416s1997 ||||||||||||||||| || u a093570275X aQC 39 Tay aTaylor, J. R13aAn introduction to error analysis: the study of uncertainties in physical measurements  aSansalito, CAbUniversity Science Booksc1997 a0.00